The Far Horizons of Time. Time and Mind in the Universe (Record no. 22951)
[ view plain ]
| 000 -LEADER | |
|---|---|
| fixed length control field | 00529nam a2200121Ia 4500 |
| 008 - FIXED-LENGTH DATA ELEMENTS--GENERAL INFORMATION | |
| fixed length control field | 220620s9999||||xx |||||||||||||| ||und|| |
| 100 ## - MAIN ENTRY--PERSONAL NAME | |
| Personal name | Ransford, H. Chris |
| 245 #4 - TITLE STATEMENT | |
| Title | The Far Horizons of Time. Time and Mind in the Universe |
| 546 ## - LANGUAGE NOTE | |
| Language note | English[eng] |
| 650 ## - SUBJECT ADDED ENTRY--TOPICAL TERM | |
| Topical term or geographic name entry element | delayed choice||wave function||space-time||quantum||saccades||anthropic principle||Bell's inequality||the brain's perception of time||mystery of time||time||mathematical universe||Popular science |
| 856 ## - ELECTRONIC LOCATION AND ACCESS | |
| Uniform Resource Identifier | <a href="https://doi.org/10.2478/9783110440287">https://doi.org/10.2478/9783110440287</a> |
| 942 ## - ADDED ENTRY ELEMENTS (KOHA) | |
| Koha item type | E-Books |
| Withdrawn status | Lost status | Damaged status | Not for loan | Home library | Current library | Date acquired | Total Checkouts | Date last seen | Price effective from | Koha item type |
|---|---|---|---|---|---|---|---|---|---|---|
| Kerala University of Digital Sciences, Innovation and Technology Knowledge Centre | Kerala University of Digital Sciences, Innovation and Technology Knowledge Centre | 20/06/2022 | 20/06/2022 | 20/06/2022 | E-Books |